000 00567nam a2200181 4500
999 _c372102
_d372102
008 210104b ||||| |||| 00| 0 eng d
040 _aDE-2950
_bger
_cDE-2950
_erda
041 _ager
245 _aKita Hilde Coppi wird 60 Jahre /
_cDiane Krüger
264 _c2022
653 _aFrankfurt (Oder)
653 _aKindergarten "Hilde Coppi"
773 _teinfach wichern: Magazin der Wichern Diakonie Frankfurt (Oder)
_dFrankfurt (Oder): Giraffe Werbeagentur
_g(2022) 2, S. 20
942 _cA